Frida Kahlo (Registro nro. 437163)

Detalles MARC
000 -LÍDER
Campo fijo de descripción fija 00676nam a22002417a 4500
003 - IDENTIFICADOR DEL NÚMERO DE CONTROL
Campo de control BCEG
005 - FECHA Y HORA DE LA ULTIMA TRANSACCIÓN
control field 20260408122615.0
008 - ELEMENTOS DE LONGITUD FIJA -- INFORMACIÓN GENERAL
Campo fijo de descripción fija -- Información general 260408s2023 ck|||||| |||| 00| 0 spa d
020 ## - ISBN
Isbn 9789585532502
040 ## - FUENTE DE CATALOGACIÓN
Agencia de catalogación original BCEG
Idioma de catalogación spa
Agencia que realiza la transcripción BCEG
082 04 - NÚMERO DE CLASIFICACIÓN DECIMAL DEWEY
Número de clasificación 641.509
Clave de autor-Numero de item P298f
100 1# - ASIENTO PRINCIPAL--NOMBRE PERSONAL
Nombre del autor personal Patiño, Mónica.
245 10 - TÍTULO PROPIAMENTE DICHO
Título Frida Kahlo
Otra información sobre el título - Subtitulo : los sabores de mi tierra.
260 ## - PUBLICACIÓN, DISTRIBUCIÓN, ETC. (PIE DE IMPRENTA)
Lugar de publicación, distribución, etc. Bogotá :
Nombre del editor, distribuidor, etc. Cangrejo Editores,
Fecha de publicación, distribución, etc. 2023.
300 ## - DESCRIPCIÓN FÍSICA
Extensión 235 p.
Otros detalles físicos : il., fots.
500 ## - NOTA GENERAL
Nota General Incluye glosario.
541 ## - NOTA DE FUENTE INMEDIATA DE ADQUISICIÓN
Nota de fuente de adquisición Compra.
600 14 - ENCABEZAMIENTO DE MATERIA. AUTOR PERSONAL
Nombre personal Kahlo, Frida,
Fechas asociadas con el nombre 1907-1954.
650 14 - ASIENTO SECUNDARIO DE MATERIA - TERMINO TEMÁTICO
Término temático o nombre geográfico como elemento de entrada Cocina mexicana
Subdivisión general Recetas.
700 1# - ASIENTO SECUNDARIO - NOMBRE PERSONAL
Nombre personal Bizzarri, Flavio,
Función o responsabilidad del autor fot.
700 1# - ASIENTO SECUNDARIO - NOMBRE PERSONAL
Nombre personal Lozano, Luis-Martín,
Función o responsabilidad del autor prol.
942 ## - TIPO DE MATERIAL (KOHA)
Tipo de Item KOHA Libro
Existencias
No para Préstamo Colección Biblioteca de Origen Biblioteca Permanente Fecha de Adquisición Fuente de Adquisicion Total de Préstamos Signatura Topográfica Código de Barras Última vez visto Tipo de Material Ejemplar
Material en Reserva General Biblioteca Central Estatal de Guanajuato, "Wigberto Jiménez Moreno" Biblioteca Central Estatal de Guanajuato, "Wigberto Jiménez Moreno" 08/04/2026 COMPRA-2025   641.509 P298f BCEG8655231119 08/04/2026 Libro  
  General Biblioteca Central Estatal de Guanajuato, "Wigberto Jiménez Moreno" Biblioteca Central Estatal de Guanajuato, "Wigberto Jiménez Moreno" 08/04/2026 COMPRA-2025   641.509 P298f BCEG8655231120 08/04/2026 Libro ej. 2